Consulta del Consejo al Rey sobre la moratoria que ha pedido el Marqués de Villanueva

Detalles Bibliográficos
Otros Autores: Marqués de Villanueva del Ariscal y la Provenza
Formato: Libro
Publicado: s.l., s.f.
Materias:
Colección:Banco de datos
Acervo:Biblioteca Palafoxiana. Colección de Manuscritos
Descripción Física:3 f. ; 20 x 28 cm.
Tema general:Civil
LEADER 00448nam a22001450004500
035 |a 207 
245 1 0 |a Consulta del Consejo al Rey sobre la moratoria que ha pedido el Marqués de Villanueva 
260 |a s.l., s.f. 
300 |a 3 f. ; 20 x 28 cm. 
650 1 0 |a Civil 
700 1 |a Marqués de Villanueva del Ariscal y la Provenza 
949 |a 19171/010 
942 |c PALAMANU 
943 |g Biblioteca Palafoxiana. Colección de Manuscritos 
999 |c 1068152  |d 1068152